000
00299nam a2200121Ia 4500
008
231129s1960||||xx |||||||||||||| ||spa||
082
_a
HAJ- 0254
100
_a
Nieto Caballero Agustín
245
0
_a
El secreto de Rusia
260
_c
1960
264
_a
Bogotá: Antares 1960
942
_2
ddc
_c
BKS
999
_c
12382
_d
12382